000 00829nam a2200289Ia 4500
003 OSt
005 20221006160132.0
006 a|||||r|||| 00| 0
007 ta
008 221006b |||||||| |||| 00| 0 eng d
020 _a9781565910096
_c
_18.50
024 _a44,400
037 _bGift, KCC (Window on Korea)
_cTextual
040 _aEASL
_cEASL
_beng
041 _2eng
_aeng
082 _aU8.495SE, P7
100 _aHAN Suzanne Crowder
_9664515
245 0 _aLet's visit Seoul
260 _aSeoul
_bHollym
_c2007
300 _a31p.
_ccm.
490 _v KEL
500 _aBilingual - Korean and English
650 _a KEL
650 _aBilingual - Korean and English
_9672052
942 _hU8.495SE, P7
_cTEXL
_2CC
999 _c1112492
_d1112492